[Event "Gorges op 28th"]
[Site "Gorges"]
[Date "2018.07.08"]
[Round "4"]
[White "Munkhbayar, Janjaadorj"]
[Black "Roser, Lionel"]
[Result "1-0"]
[WhiteElo "1981"]
[BlackElo "1906"]
[PlyCount "107"]
[EventDate "2018.07.07"]
[EventType "swiss"]
[EventRounds "5"]
[EventCountry "FRA"]
[SourceTitle "EXT 2020"]
[Source "ChessBase"]
[SourceDate "2019.10.17"]
[SourceVersion "1"]
[SourceVersionDate "2019.10.17"]
[SourceQuality "1"]

1. d4 Nf6 2. c4 g6 3. Nc3 Bg7 4. e4 d6 5. f3 0-0 6. Be3 Na6 7. Qd2 c5 8. Nge2 e5 9. d5 Bd7 10. h4 h5 11. Bh6 Qa5 12. Bxg7 Kxg7 13. a3 Rab8 14. Nc1 Nc7 15. Ra2 b5 16. b4 cxb4 17. Nxb5 Nxb5 18. axb4 Qb6 19. cxb5 Bxb5 20. Bxb5 Qxb5 21. Nd3 Qb6 22. Qf2 Qxf2+ 23. Kxf2 Rb7 24. Ra6 Rd8 25. Rc1 Ne8 26. Rac6 Rdd7 27. Rc8 Kf8 28. Ke3 Ke7 29. R1c6 Rdc7 30. R8xc7+ Rxc7 31. Nxe5 Rb7 32. Nd3 Nf6 33. Kd4 Nd7 34. f4 f6 35. Kc3 Nb6 36. Kd4 Nd7 37. Rc8 Nb6 38. Rh8 Rd7 39. f5 gxf5 40. exf5 Kf7 41. Rxh5 Kg7 42. Nf4 Re7 43. Ne6+ Kg8 44. g4 Nd7 45. g5 fxg5 46. hxg5 Ne5 47. g6 Rb7 48. g7 Nf7 49. Kc3 Rb8 50. f6 Rc8+ 51. Kb3 Rc1 52. Ng5 Rg1 53. Nxf7 Kxf7 54. Rh8 1-0

[Event "Chateauroux op"]
[Site "Chateauroux"]
[Date "2005.11.13"]
[Round "5"]
[White "Dudognon, Julien"]
[Black "Roser, Lionel"]
[Result "1-0"]
[WhiteElo "2019"]
[BlackElo "1890"]
[PlyCount "113"]
[EventDate "2005.10.30"]
[EventType "swiss"]
[EventRounds "7"]
[EventCountry "FRA"]
[SourceTitle "EXT 2007"]
[Source "ChessBase"]
[SourceDate "2006.11.23"]
[SourceVersion "1"]
[SourceVersionDate "2006.11.23"]
[SourceQuality "1"]

1. e4 Nc6 2. d4 e5 3. d5 Nce7 4. Bg5 f6 5. Be3 Ng6 6. h4 Bb4+ 7. c3 Ba5 8. h5 Nf8 9. Qa4 c6 10. Nd2 b5 11. Qb3 Bb6 12. Bxb6 Qxb6 13. dxc6 dxc6 14. a4 Be6 15. Qc2 Nh6 16. c4 Ng4 17. c5 Qa5 18. Ngf3 Nd7 19. b4 Qxb4 20. axb5 Nxc5 21. Rb1 Qa3 22. Rc1 Nb3 23. Nxb3 Qxb3 24. Qxc6+ Ke7 25. Qc7+ Ke8 26. Qc6+ Ke7 27. Qb7+ Bd7 28. Bc4 Qb4+ 29. Nd2 Nxf2 30. Rf1 Ng4 31. Qd5 Rhf8 32. Qd3 Rad8 33. Rb1 Qc5 34. Rf3 Bxb5 35. Rxb5 Rxd3 36. Rxc5 Rxf3 37. gxf3 Ne3 38. Rc7+ Kd6 39. Rxa7 Rc8 40. Bd3 Rc7 41. Nc4+ Nxc4 42. Rxc7 Kxc7 43. Bxc4 Kd6 44. Bg8 h6 45. Kd2 Kc5 46. Ke3 Kd6 47. f4 Ke7 48. fxe5 fxe5 49. Bh7 Kf6 50. Kf3 Kg5 51. Bg6 Kh4 52. Ke3 Kg5 53. Kd3 Kf6 54. Kc4 Ke6 55. Kc5 Ke7 56. Kd5 Kf6 57. Kd6 1-0

[Event "Chateauroux op"]
[Site "Chateauroux"]
[Date "2005.11.13"]
[Round "6"]
[White "Roser, Lionel"]
[Black "Dupeux, Denis"]
[Result "1-0"]
[WhiteElo "1890"]
[BlackElo "1900"]
[PlyCount "47"]
[EventDate "2005.10.30"]
[EventType "swiss"]
[EventRounds "7"]
[EventCountry "FRA"]
[SourceTitle "EXT 2007"]
[Source "ChessBase"]
[SourceDate "2006.11.23"]
[SourceVersion "1"]
[SourceVersionDate "2006.11.23"]
[SourceQuality "1"]

1. e4 d6 2. d4 Nf6 3. Nc3 g6 4. f4 Bg7 5. Nf3 c5 6. e5 Nfd7 7. e6 fxe6 8. Ng5 Bxd4 9. Nxe6 Qa5 10. Bd2 Nf6 11. Nb5 Qb6 12. Nbc7+ Kf7 13. Nxa8 Qc6 14. Ng5+ Kg7 15. c3 Bg4 16. Nf3 Bf2+ 17. Kxf2 Ne4+ 18. Ke1 e5 19. Qe2 a6 20. f5 Rf8 21. Nc7 Rxf5 22. Qe3 Rf4 23. Be2 Qxc7 24. g3 1-0